Ce n'est pas la même chanson, mais elles ont le même titre - Statistiques

Statistiques générales
  • Ce quiz a été pris 21 fois
  • Le résultat moyen est 3 sur 20
Statistiques - réponses
Artistes Titre % Correct
The Cramberries / Gims Zombie
67%
Taio Cruz / BTS Dynamite
44%
The Kid LAROI / Blackpink Stay
39%
John Lennon / Carbonne Imagine
28%
Eddy de Pretto / Barbara Pravi Kid
22%
Rihanna / Sam Smith Diamonds
17%
Jean-Jacques Goldman / Jenifer Je te donne
17%
Elvis Crespo / Soolking Suavemente
17%
Gérald de Palmas / Raphaël Sur la route
17%
Grégoire / Claudio Capéo Ta main
17%
Michael Jackson / David Guetta Bad
11%
Stromae / Slimane Mon amour
11%
Lisa / Post Malone Rockstar
11%
Roberto Carlos / Kendji Girac Amigo
6%
Céline Dion / Ninho Destin
6%
Beyoncé / Soprano Freedom
6%
Matteo Bocelli / EXO Tempo
6%
Pink Floyd / Madonna Hey you
0%
Coldplay / Ofenbach Paradise
0%
Vitaa / Angèle Promets moi
0%
Aucun quiz correspondant
Distribution des résultats
% des personnes avec chaque résultat
Percentile par nombre de réponses
Votre historique - résultats
Vous n’avez pas pris ce quiz